|
|
|
|
| LEADER |
00879nam a22002292a 4500 |
| 001 |
000740171 |
| 003 |
CZ BrMZK |
| 005 |
20141010092321.0 |
| 007 |
ta |
| 008 |
041005s1956 gw |||||||| ||ger d |
| 040 |
|
|
|a BOA001
|b cze
|c BOA001
|
| 100 |
0 |
|
|a Ezop,
|d činný 6. století př. Kr.
|7 jn19981001006
|4 aut
|
| 245 |
1 |
0 |
|a Corpus fabularum Aesopicarum.
|n Vol. I.,
|p Falulae Aesopicae soluta oratione conscriptae.
|n Fasc. II., Indices /
|c ed. Augustus Hausrath
|
| 260 |
|
|
|a Lipsiae :
|b B.G. Teubner,
|c 1956
|
| 300 |
|
|
|a 16, 335 s.
|
| 490 |
1 |
|
|a Bibliotheca scriptorum graecorum et romanorum Teubneriana
|
| 700 |
1 |
|
|a Hausrath, Augustus,
|4 edt
|
| 830 |
|
0 |
|a Bibliotheca scriptorum graecorum et romanorum Teubneriana
|
| 910 |
|
|
|a BOA001
|b 2-0372.699,1/2
|
| 990 |
|
|
|a BK
|
| 991 |
|
|
|b 200501
|
| 996 |
7 |
|
|b 2619210813
|c 2-0372.699,1/2
|l MZK
|r Sklad / do 24 hodin
|n 5
|w 000740171
|u 000010
|a 1
|e BOA001
|j MZK50
|s A
|